Green Bay Packers 2024-25 Roster - Statistics

General Stats
  • This quiz has been taken 416 times
  • The average score is 22 of 73
Answer Stats
Text Answer % Correct
10 Jordan Love
100%
8 Josh Jacobs
98%
2 Malik Willis
93%
11 Jayden Reed
77%
87 Romeo Doubs
71%
9 Christian Watson
70%
85 Tucker Kraft
63%
18 Malik Heath
54%
13 Dontayvion Wicks
53%
80 Bo Melton
52%
23 Jaire Alexander
52%
7 Quay Walker
52%
TE:88 Luke Musgrave
51%
52 Rashan Gary
50%
97 Kenny Clark
46%
29 Xavier McKinney
46%
50 Zach Tom
46%
74 Elgton Jenkins
45%
RB:28 AJ Dillon
43%
31 Emanuel Wilson
43%
17 Brandon McManus
40%
90 Lukas Van Ness
40%
89 Ben Sims
38%
56 Edgerrin Cooper
38%
33 Evan Williams
38%
30 Chris Brooks
37%
24 Carrington Valentine
36%
71 Josh Myers
36%
20 Javon Bullard
34%
63 Rasheed Walker
34%
58 Isaiah McDuffie
33%
75 Sean Rhyan
33%
95 Devonte Wyatt
32%
OG:77 Jordan Morgan
32%
25 Keisean Nixon
32%
26 Corey Ballentine
31%
19 Daniel Whelan
31%
45 Eric Wilson
31%
21 Eric Stokes
29%
RB:32 MarShawn Lloyd
28%
94 Karl Brooks
26%
55 Kingsley Enagbare
25%
93 T.J. Slaton
21%
39 Zayne Anderson
19%
86 John FitzPatrick
17%
57 Brenton Cox Jr
16%
59 Ty'Ron Hopper
15%
96 Colby Wooden
14%
QB:6 Sean Clifford
14%
CB:34 Kalen King
13%
42 Matt Orzech
13%
62 Jacob Monk
12%
53 Arron Mosby
10%
76 Kadeem Telfort
10%
73 Andre Dillard
9%
27 Kitan Oladapo
9%
22 Robert Rochell
9%
79 Travis Glover
7%
TE:84 Tyler Davis
7%
WR:83 Cornelius Johnson
3%
OG:67 Donovan Jennings
3%
PK:16 Alex Hale
2%
DE:49 Deslin Alexandre
2%
RB:38 Ellis Merriweather
2%
DT:99 Jonathan Ford
2%
WR:81 Julian Hicks
2%
CB:36 Kamal Hadden
2%
S:40 Omar Brown
2%
DT:65 James Ester
1%
TE:48 Messiah Swinson
1%
OT:72 Spencer Rolland
1%
LB:44 Jamin Davis
0%
WR:82 Malik Knowles
0%
No matching quizzes found
Score Distribution
Percent of People with Each Score
Percentile by Number Answered
Your Score History
You have not taken this quiz